书目信息 |
| 题名: |
朋友是财富
|
|
| 作者: | 刘少影 编著 | |
| 分册: | ||
| 出版信息: | 天津 天津人民出版社 2018 |
|
| 页数: | 249页 | |
| 开本: | 24cm | |
| 丛书名: | ||
| 单 册: | ||
| 中图分类: | B824.2 | |
| 科图分类: | ||
| 主题词: | 友谊--you yi--通俗读物 | |
| 电子资源: | ||
| ISBN: | 978-7-201-13984-5 | |
| 000 | 00829nam0 2200253 450 | |
| 001 | 012001002998 | |
| 005 | 20130124165340.0 | |
| 010 | @a978-7-201-13984-5@dCNY39.80 | |
| 099 | @aCAL 012019075027 | |
| 100 | @a20190418d2018 em y0chiy50 ea | |
| 101 | 0 | @achi |
| 102 | @aCN@b120000 | |
| 105 | @ay z 000yy | |
| 106 | @ar | |
| 200 | 1 | @a朋友是财富@Apeng you shi cai fu@f刘少影编著 |
| 210 | @a天津@c天津人民出版社@d2018 | |
| 215 | @a249页@d24cm | |
| 300 | @a成就卓越人生必读枕边书 | |
| 330 | @a本书共七章,内容包括:理想是金牌,朋友是王牌;有了朋友圈,发展事业才有靠山;赢在第一策略:瞬间让你的气场更给力;建立朋友圈的基础:让别人喜欢你等。 | |
| 606 | 0 | @a友谊@Ayou yi@j通俗读物 |
| 690 | @aB824.2@v5 | |
| 701 | 0 | @a刘少影@Aliu shao ying@4编著 |
| 801 | 0 | @aCN@b江苏凤凰@c20191020 |
| 905 | @b1216921-4@dB824.2@e1412@f4 | |
| 朋友是财富/刘少影编著.-天津:天津人民出版社,2018 |
| 249页;24cm |
| 成就卓越人生必读枕边书 |
| ISBN 978-7-201-13984-5:CNY39.80 |
| 本书共七章,内容包括:理想是金牌,朋友是王牌;有了朋友圈,发展事业才有靠山;赢在第一策略:瞬间让你的气场更给力;建立朋友圈的基础:让别人喜欢你等。 |
| ● |
| 相关链接 |
|
|
|
|
正题名:朋友是财富
索取号:B824.2/1412
 
预约/预借
| 序号 | 登录号 | 条形码 | 馆藏地/架位号 | 状态 | 备注 |
| 1 | 1216921 | 212169213 | 第一样本阅览室/ [索取号:B824.2/1412] | 在馆 | |
| 2 | 1216922 | 212169222 | 教育系资料室/ [索取号:B824.2/1412] | 在馆 | |
| 3 | 1216923 | 212169231 | 教育系资料室/ [索取号:B824.2/1412] | 在馆 | |
| 4 | 1216924 | 212169240 | 第一借阅区/ [索取号:B824.2/1412] | 在馆 |